=LDR 00000nam 2200000 4500 =001 INLIS000000000015998 =005 20130612111256 =008 ***********************************Ind** =035 ##$$0010-061300000015998 =041 ##$$a Ind =082 ##$$a 372.832 =090 ##$$a 372.832, Pen p =245 ##$$a Pendidikan pancasila dan kewarganegaraan, untuk sekolah dasar kelas 4 caturwulan 1 setengah caturwulan II jilid 4a =260 ##$$a 1995 $b Semarang =300 ##$$a VIII-44 hlm., ilm., 28 cm =650 ##$$a Pendidikan dasar PPkn =850 ##$$a NBPNMAT